The fragility of transcendence: lungano theology - the voice of traditional rural women

Saved in:  
Bibliographic Details
Main Author: Hofmeyr, H. M. (Author)
Format: Print Article
Language:English
Check availability: HBZ Gateway
Interlibrary Loan:Interlibrary Loan for the Fachinformationsdienste (Specialized Information Services in Germany)
Published: 1996
In: Mission studies
Year: 1996, Volume: 13, Issue: 1/2, Pages: 207-228
Standardized Subjects / Keyword chains:B Venda (People) / Narrative theology / Contextual theology
IxTheo Classification:FD Contextual theology
KBN Sub-Saharan Africa
RJ Mission; missiology

MARC

LEADER 00000caa a22000002c 4500
001 1636296793
003 DE-627
005 20220616105238.0
007 tu
008 160405s1996 xx ||||| 00| ||eng c
035 |a (DE-627)1636296793 
035 |a (DE-576)464183545 
035 |a (DE-599)BSZ464183545 
040 |a DE-627  |b ger  |c DE-627  |e rakwb 
041 |a eng 
084 |a 1  |2 ssgn 
100 1 |0 (DE-627)1490574786  |0 (DE-576)420574786  |4 aut  |a Hofmeyr, H. M. 
109 |a Hofmeyr, H. M.  |a Hofmeyr, Murray 
245 1 4 |a The fragility of transcendence  |b lungano theology - the voice of traditional rural women 
264 1 |c 1996 
336 |a Text  |b txt  |2 rdacontent 
337 |a ohne Hilfsmittel zu benutzen  |b n  |2 rdamedia 
338 |a Band  |b nc  |2 rdacarrier 
601 |a Theologe 
652 |a FD:KBN:RJ 
689 0 0 |d s  |0 (DE-588)4108177-8  |0 (DE-627)105872458  |0 (DE-576)209430060  |2 gnd  |a Venda  |g Volk 
689 0 1 |d s  |0 (DE-588)4171173-7  |0 (DE-627)105396818  |0 (DE-576)209935243  |2 gnd  |a Narrative Theologie 
689 0 2 |d s  |0 (DE-588)4204798-5  |0 (DE-627)105140627  |0 (DE-576)210164611  |2 gnd  |a Kontextuelle Theologie 
689 0 |5 (DE-627) 
773 0 8 |i In  |t Mission studies  |d Leiden : Brill, 1984  |g 13(1996), 1/2, Seite 207-228  |w (DE-627)169130991  |w (DE-600)895478-1  |w (DE-576)01622664X  |x 0168-9789  |7 nnas 
773 1 8 |g volume:13  |g year:1996  |g number:1/2  |g pages:207-228 
935 |a mteo 
951 |a AR 
ELC |b 1 
ITA |a 1  |t 1 
LOK |0 000 xxxxxcx a22 zn 4500 
LOK |0 001 3293537154 
LOK |0 003 DE-627 
LOK |0 004 1636296793 
LOK |0 005 20160405111121 
LOK |0 008 160404||||||||||||||||ger||||||| 
LOK |0 040   |a DE-Tue135  |c DE-627  |d DE-Tue135 
LOK |0 092   |o n 
LOK |0 852   |a DE-Tue135 
LOK |0 852 1  |9 00 
LOK |0 935   |a ixzs  |a ixmi 
LOK |0 936ln  |0 1442049022  |a KBN 
LOK |0 936ln  |0 1442053240  |a RJ 
LOK |0 936ln  |0 1442044071  |a FD 
LOK |0 939   |a 04-04-16  |b l01 
ORI |a SA-MARC-ixtheoa001.raw 
STA 0 0 |a Contextual theology,Narrative theology 
STB 0 0 |a Théologie contextuelle,Théologie narrative 
STC 0 0 |a Teología contextual,Teología narrativa 
STD 0 0 |a Teologia contestuale,Teologia narrativa 
STE 0 0 |a 叙事神学,处境神学,场合神学 
STF 0 0 |a 敍事神學,處境神學,場合神學 
STG 0 0 |a Teologia contextual,Teologia narrativa 
STH 0 0 |a Контекстуальное богословие,Нарративное богословие 
STI 0 0 |a Αφηγηματική θεολογία,Συμφραστική θεολογία 
SYG 0 0 |a Bavenda,Bawenda,Vha-Venda , Republic of Venda,Riphabuliki ya Venda , Erzählende Theologie